000 01044nmc a2200385 a 4500
003 AR-BaBNM
005 20251128210714.0
008 091020s2000 ||||||||||||||000 | spa||
020 _a84-207-6149-4
040 _cAR-BaBNM
100 1 _aDelval, Juan
245 1 0 _aMoral, desarrollo y educación
250 _a4ª ed.
260 _aMadrid
_bAlauda Anaya
_c2000
300 _a197 p.
_btablas
490 0 _aHacer reforma
500 _aContiene referencias bibliográficas
600 1 4 _aPiaget, Jean
600 1 4 _aKohlberg, Lawrence
600 1 4 _aFreud, Sigmund
600 1 4 _aSkinner, Burrhus Frederic
650 4 _aEDUCACION MORAL
650 4 _aFILOSOFIA DE LA EDUCACION
650 4 _aVALORES MORALES
650 4 _aPROBLEMAS MORALES
650 4 _aEDUCACION DEL HOMBRE
650 4 _aCONCIENCIA MORAL
650 4 _aCOMPORTAMIENTO
650 4 _aNATURALEZA HUMANA
650 4 _aPSICOLOGIA DEL NINO
700 1 _aEnesco, Ileane
800 1 _aGonzález Lucini, Fernando
_edirector
942 _cBK
998 _cRAQUEL
999 _c16525
_d16525